000 00725nam a22001697a 4500
999 _c57999
_d57999
005 20210420120614.0
008 210420c2020 ge ||||| |||| 00| 0 geo d
022 _a0134 - 3459
041 _ageo
245 _aჭოროხი :
_b2020 : ლიტერატურულ - სამხატვრო და საზოგადოებრივი ჟურნალი /
_cმთ. რედაქტორი სანდრო ბერიძე.
260 _a ბათუმი,
_c1958-
300 _av.
653 _a ჭოროხი
653 _aპეროდიკა
700 _aბერიძე, სანდრო
_eმთავარი რედაქტორი
_911449
942 _2udc
_cBK